Quản lý chất thải nguy hại

Bewaard in:
Bibliografische gegevens
Hoofdauteur: Trịnh, Thị Thanh
Andere auteurs: Nguyễn, Khắc Kinh
Formaat: Boek
Taal:Undetermined
Gepubliceerd in: H. Đại học quốc gia Hà Nội 2005
Onderwerpen:
Online toegang:http://lrc.tdmu.edu.vn/opac/search/detail.asp?aID=2&ID=3414
Tags: Voeg label toe
Geen labels, Wees de eerste die dit record labelt!
Thư viện lưu trữ: Trung tâm Học liệu Trường Đại học Thủ Dầu Một
LEADER 00673nam a2200205Ia 4500
001 TDMU_3414
008 210410s9999 xx 000 0 und d
082 |a 363.728 
090 |b TR312 
100 |a Trịnh, Thị Thanh 
245 0 |a Quản lý chất thải nguy hại 
245 0 |c Trịnh Thị Thanh, Nguyễn Khắc Kinh 
260 |a H. 
260 |b Đại học quốc gia Hà Nội 
260 |c 2005 
300 |a 180tr. 
650 |a Chất thải  |x Quản lý 
700 |a Nguyễn, Khắc Kinh 
856 |u http://lrc.tdmu.edu.vn/opac/search/detail.asp?aID=2&ID=3414 
980 |a Trung tâm Học liệu Trường Đại học Thủ Dầu Một